Anales /
Guardado en:
| Autor Corporativo: | |
|---|---|
| Formato: | Libro |
| Idioma: | Spanish |
| Publicado: |
La Plata :
Comisión de investigaciones científicas,
1970.
|
| Materias: | |
| Etiquetas: |
Agregar Etiqueta
Sin Etiquetas, Sea el primero en etiquetar este registro!
|
| LEADER | 00553nam a22001695a 4500 | ||
|---|---|---|---|
| 001 | EUN.um008404 | ||
| 003 | AR-BaUNS | ||
| 005 | 20050623122853.0 | ||
| 008 | 041125s1970####ag############000#0#spa#d | ||
| 245 | 1 | 0 | |a Anales / |c Comisión de investigaciones científicas. |
| 260 | |a La Plata : |b Comisión de investigaciones científicas, |c 1970. | ||
| 300 | |a v. | ||
| 082 | 0 | 4 | |a 508 |
| 082 | 0 | 4 | |a 541.372 |
| 653 | |a Varela, J.c. | ||
| 110 | 2 | |a Comisión de investigaciones científicas |c Buenos Aires (provincia). | |
| 859 | |a Ar-BaUNS |b BIB. CENTRAL - Sector C |h 508 |i B862 |p 60509/971 |v 9 | ||
